[Event "Amantea op-B 6th"]
[Site "Amantea"]
[Date "2008.09.05"]
[Round "6"]
[White "Mazzuca, Aldo"]
[Black "Paese, Salvatore"]
[Result "0-1"]
[WhiteElo "1425"]
[BlackElo "1324"]
[PlyCount "30"]
[EventDate "2008.08.31"]
[EventType "swiss"]
[EventRounds "9"]
[EventCountry "ITA"]
[SourceTitle "CBM 126 Extra"]
[Source "ChessBase"]
[SourceDate "2008.11.05"]
[SourceVersion "1"]
[SourceVersionDate "2008.11.05"]
[SourceQuality "1"]

1. e4 e5 2. Nc3 Nf6 3. Bc4 Bc5 4. f3 Nc6 5. d3 d6 6. Bg5 0-0 7. Nd5 Nd4 8. c3 Ne6 9. g3 Nxg5 10. Qd2 Nxd5 11. Bxd5 c6 12. Bb3 Qf6 13. f4 exf4 14. gxf4 Bxg1 15. Rxg1 Nf3+ 0-1

[Event "Calabria Province-ch"]
[Site "San Fili"]
[Date "2007.06.10"]
[Round "5"]
[White "Paragliola, Gennaro"]
[Black "Paese, Salvatore"]
[Result "1-0"]
[WhiteElo "1451"]
[BlackElo "1396"]
[PlyCount "96"]
[EventDate "2007.06.08"]
[EventType "swiss"]
[EventRounds "5"]
[EventCountry "ITA"]
[SourceTitle "EXT 2010"]
[Source "ChessBase"]
[SourceDate "2010.11.25"]
[SourceVersion "1"]
[SourceVersionDate "2010.11.25"]
[SourceQuality "1"]

1. d4 d5 2. c4 Nf6 3. Nc3 Nc6 4. Bg5 dxc4 5. Nf3 b5 6. Nxb5 Ba6 7. Qa4 Bb7 8. Qxc4 Ne4 9. Bf4 Rc8 10. d5 Na5 11. Qa4 c6 12. Nxa7 e6 13. Nxc8 Bxc8 14. dxc6 Qb6 15. c7+ Nc6 16. Qxe4 Bb4+ 17. Bd2 0-0 18. Bxb4 Nxb4 19. e3 Nd5 20. Qc2 Nxc7 21. Bd3 Nd5 22. Bxh7+ Kh8 23. Be4 Ba6 24. Bxd5 Rc8 25. Qd2 exd5 26. Ne5 Qe6 27. Nd3 Qg6 28. Nf4 Qg5 29. Rc1 Rd8 30. Rc5 Bc4 31. b3 Rb8 32. Qc2 Qf6 33. Kd2 g5 34. Nd3 Bxd3 35. Kxd3 Qf5+ 36. Ke2 Qxc2+ 37. Rxc2 Rd8 38. Rc7 Kg7 39. Rd1 Kf6 40. f3 Rd6 41. Rd4 Ke6 42. g3 f5 43. Rc8 Ke5 44. f4+ gxf4 45. gxf4+ Kf6 46. Rc5 Ra6 47. Rd2 Ke6 48. Rcxd5 Rxa2 1-0

[Event "Calabria Province-ch"]
[Site "San Fili"]
[Date "2007.06.09"]
[Round "3"]
[White "Paese, Salvatore"]
[Black "Scerra, Ezio"]
[Result "0-1"]
[WhiteElo "1396"]
[BlackElo "1398"]
[PlyCount "84"]
[EventDate "2007.06.08"]
[EventType "swiss"]
[EventRounds "5"]
[EventCountry "ITA"]
[SourceTitle "EXT 2010"]
[Source "ChessBase"]
[SourceDate "2010.11.25"]
[SourceVersion "1"]
[SourceVersionDate "2010.11.25"]
[SourceQuality "1"]

1. e4 Nc6 2. Nc3 e5 3. a3 Nf6 4. Bc4 d6 5. Nf3 h6 6. d3 Be7 7. 0-0 Nd4 8. Nxd4 exd4 9. Ne2 c5 10. Bd2 Ng4 11. b4 Ne5 12. Ba2 Bh4 13. Bf4 Qf6 14. Bxe5 Qxe5 15. f4 Qe7 16. f5 Bf6 17. Nf4 Qe5 18. Qh5 Rf8 19. Nd5 g6 20. Qxh6 Rh8 21. Nc7+ Kd7 22. Qf4 Kxc7 23. Qxe5 Bxe5 24. g3 gxf5 25. exf5 f6 26. Bd5 Bd7 27. a4 Bc6 28. Bxc6 Kxc6 29. b5+ Kd5 30. Kg2 b6 31. Rh1 a6 32. Rab1 axb5 33. axb5 Ra2 34. Rhc1 Rh5 35. Kf3 Rxf5+ 36. Kg4 Rf2 37. c4+ dxc3 38. Kh3 Rxh2+ 39. Kg4 Rab2 40. Re1 c2 41. Rbc1 Rxb5 42. Kf5 Kd4 0-1

[Event "Praia op 1st"]
[Site "Praia a Mare"]
[Date "2007.04.06"]
[Round "2"]
[White "Paragliola, Gennaro"]
[Black "Paese, Salvatore"]
[Result "1-0"]
[WhiteElo "1451"]
[BlackElo "1396"]
[PlyCount "85"]
[EventDate "2007.04.05"]
[EventType "swiss"]
[EventRounds "5"]
[EventCountry "ITA"]
[SourceTitle "EXT 2023"]
[Source "ChessBase"]
[SourceDate "2022.10.05"]
[SourceVersion "1"]
[SourceVersionDate "2022.10.05"]
[SourceQuality "1"]

1. d4 d5 2. c4 Nf6 3. Nc3 e6 4. Bg5 h6 5. Bh4 Be7 6. e3 Nc6 7. Nf3 Ne4 8. Bxe7 Nxe7 9. Nxe4 dxe4 10. Nd2 f5 11. Be2 0-0 12. 0-0 b6 13. f3 Bb7 14. fxe4 fxe4 15. Qc2 Rxf1+ 16. Rxf1 Nf5 17. Qc3 Qg5 18. Rf4 Rf8 19. Nxe4 Bxe4 20. Rxe4 Nh4 21. Rg4 Qf5 22. Qe1 Ng6 23. e4 Qf7 24. b3 e5 25. c5 Kh7 26. cxb6 cxb6 27. d5 Nf4 28. Bc4 g5 29. Rg3 Qh5 30. Qd2 Qg6 31. Bd3 h5 32. Rf3 Rf6 33. Kh1 Kh6 34. Bb1 g4 35. Rf1 Qg5 36. g3 Nh3 37. Rxf6+ Kg7 38. Qxg5+ Nxg5 39. Rf5 Nf3 40. d6 Nd4 41. Rxe5 Kf6 42. Rd5 Nc6 43. Rxh5 1-0